000 00780nam a22002177a 4500
003 OSt
005 20260303045853.0
008 260130b |||||||| |||| 00| 0 eng d
020 _aThe US and the war terror in the Philippines
040 _aDWCL-Main Lib
_cOC
082 _aFil. 363.3209 Un54 2008
245 _aThe US and the war terror in the Philippines
260 _aPasig City, Philippines :
_bAnvil Publishing House,
_cc2008.
300 _avii, 203 pages :
_billustrations ;
_c23 cm.
650 _aPhilippine - Military relations - United States.
650 _aTerrorism - Philippines.
650 _aUnited States - Military relations - Philippines.
700 _aPATRICIO N. ABINALES
_eEditor
700 _aQUIMPO, NATHAN G.
_eEditor
942 _2ddc
_cBK - FIL
_mFil.
_n0
999 _c8028
_d8028